00492nam a2200193 a 4500001001300000003000900013005001700022008004100039020001000080082001500090100002300105245003800128260003300166300000900199500003500208505001000243650002200253700002300275nice12345678IN_TiNIC20260116013344.0080221s1999 dela grp 000 0 eng  ac12500a297.7bCHA aChawdhri, A Ghafur aSome Aspects of Islamic Education aDelhibAdam Publishersc1999 a180p aincludes index and biblioraphy2 aIndex aIslamic-Education1 aChawdhri, A Ghafur